| 000 | 00678nam a2200229 a 4500 | ||
|---|---|---|---|
| 999 |
_c4715 _d4715 |
||
| 001 | 4715 | ||
| 003 | BD-JhCC | ||
| 005 | 20171130163241.0 | ||
| 008 | 171001s2000 bg a|||| || | 000 f ben d | ||
| 020 | _a984458132X | ||
| 035 | _a(BD-JhCC) 4715 | ||
| 040 |
_aBD-JhCC _dBD-JhCC |
||
| 041 | _aben | ||
| 082 |
_a 891.4435 _bAHM 2000 |
||
| 100 | _aআহমেদ, হুমায়ূন | ||
| 245 |
_aপরীর মেয়ে মেঘবতী / _cহুমায়ূন আহমেদ |
||
| 260 |
_aঢাকা : _bসময় প্রকাশন; _c২০০০. |
||
| 300 |
_a7 p. ; _c24 cm. |
||
| 650 | _aBangali stories | ||
| 942 |
_2ddc _cBK |
||